000 00714nam a2200217Ii 4500
003 JO-AjNU
008 230606s9999||||xx |||||||||||||| ||und||
020 _a978-0-521-53496-3
040 _aJO-AjNU
_beng
_erda
_cJO-AjNU
041 _aeng
050 1 4 _aPE1408.H325 2007
100 3 _aتاليف Hamp-Lyons,Liz;م.مشارك Ben Heasley,
_eauthor
_92246
245 0 0 _aStudy Writing :A Course in writing skills for academic purposes
250 _a2 ed
264 3 1 _aNew York:Cambridge University Press,2007
300 _a213p
336 _atext
_btxt
_2rdacontent
337 _aunmediated
_bn
_2rdamedia
338 _avolume
_bnc
_2rdacarrier
650 4 _aEnglish Language-Reading-Writing-Writing Skills
_92247
999 _aE1176
_c1176
_d1176